Logo de Compagnie aérienne - Statistiques

Statistiques générales
  • Ce quiz a été pris 313 fois
  • Le résultat moyen est 10 sur 16
Statistiques - réponses
Par images Réponse % Correct
Lufthansa
92%
Emirates
89%
British Airways
83%
Qatar Airways
83%
Air France
77%
Iberia
76%
American Airlines
75%
Delta Airlines
75%
Qantas
70%
Thai Airways
66%
Ethiopian
48%
Air New Zealand
41%
Air India
29%
Kenya Airways
27%
Aegean Airlines
17%
Aerolineas Argentinas
4%
Aucun quiz correspondant
Distribution des résultats
% des personnes avec chaque résultat
Percentile par nombre de réponses
Votre historique - résultats
Vous n’avez pas pris ce quiz